Langue française: conjugaison du verbe être - Statistiques

Statistiques générales
  • Ce quiz a été pris 2 418 fois
  • Le résultat moyen est 51 sur 94
Statistiques - réponses
Verbe conjugué % Correct
Indicatif présent Tu Es
100%
Indicatif présent Il/Elle/On Est
100%
Indicatif présent Je/J' Suis
100%
Indicatif présent Vous Êtes
99%
Indicatif présent Nous Sommes
99%
Indicatif présent Ils/Elles Sont
99%
Indicatif imparfait Je/J' Étais
89%
Indicatif imparfait Tu Étais
89%
Indicatif imparfait Il/Elle/On Était
89%
Indicatif imparfait Vous Étiez
89%
Indicatif imparfait Nous Étions
89%
Indicatif imparfait Ils/Elles Étaient
88%
Indicatif futur simple Je/J' Serai
88%
Indicatif passé composé Je/J' Ai été
87%
Indicatif passé composé Tu As été
87%
Indicatif futur simple Il/Elle/On Sera
87%
Indicatif futur simple Tu Seras
87%
Indicatif futur simple Vous Serez
87%
Indicatif futur simple Nous Serons
87%
Indicatif futur simple Ils/Elles Seront
87%
Indicatif passé composé Il/Elle/On A été
86%
Indicatif passé composé Vous Avez été
86%
Indicatif passé composé Nous Avons été
86%
Indicatif passé composé Ils/Elles Ont été
86%
Indicatif passé simple Je/J' Fus
72%
Indicatif passé simple Tu Fus
72%
Indicatif passé simple Il/Elle/On Fut
72%
Indicatif passé simple Nous Fûmes
71%
Indicatif passé simple Ils/Elles Furent
70%
Indicatif passé simple Vous Fûtes
70%
Indicatif plus-que-parfait Ils/Elles Avaient été
61%
Indicatif plus-que-parfait Je/J' Avais été
61%
Indicatif plus-que-parfait Tu Avais été
61%
Indicatif plus-que-parfait Il/Elle/On Avait été
61%
Indicatif plus-que-parfait Vous Aviez été
61%
Indicatif plus-que-parfait Nous Avions été
61%
Conditionnel présent Je/J' Serais
56%
Conditionnel présent Tu Serais
56%
Conditionnel présent Il/Elle/On Serait
56%
Conditionnel présent Vous Seriez
55%
Conditionnel présent Nous Serions
55%
Impératif présent 2ème singulier Sois
55%
Conditionnel présent Ils/Elles Seraient
54%
Infinitif présent XXXXXXXXXXX Être
53%
Impératif présent 2ème pluriel Soyez
53%
Impératif présent 1ère pluriel Soyons
53%
Subjonctif présent Que je/j' Sois
52%
Subjonctif présent Qu'ils/elles Soient
51%
Subjonctif présent Que tu Sois
51%
Subjonctif présent Qu'il/elle/on Soit
51%
Subjonctif présent Que vous Soyez
51%
Subjonctif présent Que nous Soyons
51%
Indicatif futur antérieur Je/J' Aurai été
47%
Indicatif futur antérieur Il/Elle/On Aura été
46%
Indicatif futur antérieur Tu Auras été
46%
Indicatif futur antérieur Vous Aurez été
46%
Indicatif futur antérieur Nous Aurons été
46%
Indicatif futur antérieur Ils/Elles Auront été
45%
Participe passé XXXXXXXXXXX Ayant été/été
43%
Conditionnel passé Je/J' Aurais été
42%
Conditionnel passé Ils/Elles Auraient été
41%
Conditionnel passé Tu Aurais été
41%
Conditionnel passé Il/Elle/On Aurait été
41%
Conditionnel passé Vous Auriez été
41%
Conditionnel passé Nous Aurions été
41%
Indicatif passé antérieur Ils/Elles Eurent été
41%
Indicatif passé antérieur Je/J' Eus été
41%
Indicatif passé antérieur Tu Eus été
41%
Indicatif passé antérieur Il/Elle/On Eut été
41%
Indicatif passé antérieur Nous Eûmes été
40%
Indicatif passé antérieur Vous Eûtes été
40%
Participe présent XXXXXXXXXXX Étant
37%
Subjonctif imparfait Que je/j' Fusse
26%
Infinitif passé XXXXXXXXXXX Avoir été
25%
Subjonctif imparfait Que tu Fusses
25%
Subjonctif imparfait Que nous Fussions
24%
Subjonctif imparfait Qu'il/elle/on Fût
24%
Subjonctif imparfait Qu'ils/elles Fussent
23%
Subjonctif imparfait Que vous Fussiez
23%
Subjonctif plus-que-parfait Que je/j' Eusse été
22%
Subjonctif passé Que je/j' Aie été
21%
Subjonctif passé Que tu Aies été
21%
Subjonctif passé Qu'il/elle/on Ait été
21%
Subjonctif passé Que nous Ayons été
21%
Subjonctif plus-que-parfait Que tu Eusses été
21%
Subjonctif passé Qu'ils/elles Aient été
20%
Subjonctif passé Que vous Ayez été
20%
Subjonctif plus-que-parfait Qu'il/elle/on Eût été
20%
Subjonctif plus-que-parfait Qu'ils/elles Eussent été
19%
Subjonctif plus-que-parfait Que vous Eussiez été
19%
Subjonctif plus-que-parfait Que nous Eussions été
19%
Impératif passé 2ème singulier Aie été
13%
Impératif passé 2ème pluriel Ayez été
13%
Impératif passé 1ère pluriel Ayons été
13%
Aucun quiz correspondant
Distribution des résultats
% des personnes avec chaque résultat
Percentile par nombre de réponses
Votre historique - résultats
Vous n’avez pas pris ce quiz